[Event "Kislovodsk Plaza op"]
[Site "Kislovodsk"]
[Date "2010.12.11"]
[Round "1"]
[White "Dubrovin, Anatoly"]
[Black "Tarlev, Konstantin"]
[Result "0-1"]
[WhiteElo "1953"]
[BlackElo "2497"]
[PlyCount "36"]
[EventDate "2010.12.11"]
[EventType "swiss"]
[EventRounds "9"]
[EventCountry "RUS"]
[SourceTitle "EXT 2013"]
[Source "ChessBase"]
[SourceDate "2012.11.22"]
[SourceVersion "1"]
[SourceVersionDate "2012.11.22"]
[SourceQuality "1"]

1. e4 c5 2. Nf3 Nf6 3. d3 d5 4. exd5 Nxd5 5. Be2 Nc6 6. d4 Bf5 7. c3 e6 8. 0-0 Be7 9. a3 0-0 10. c4 Nb6 11. Be3 Bf6 12. dxc5 Qxd1 13. Rxd1 Bxb2 14. Ra2 Na4 15. Nbd2 Bf6 16. Nb3 Nc3 17. Rad2 Nxd1 18. Rxd1 Bc2 0-1

[Event "Moscow Chess are Living op"]
[Site "Moscow"]
[Date "2009.07.23"]
[Round "5"]
[White "Kuznetsov, Kirill"]
[Black "Dubrovin, Anatoly"]
[Result "1-0"]
[WhiteElo "2190"]
[BlackElo "1932"]
[PlyCount "49"]
[EventDate "2009.07.10"]
[EventType "swiss"]
[EventRounds "9"]
[EventCountry "RUS"]
[SourceTitle "EXT 2022"]
[Source "ChessBase"]
[SourceDate "2021.10.06"]
[SourceVersion "1"]
[SourceVersionDate "2021.10.06"]
[SourceQuality "1"]

1. d4 d5 2. c4 e6 3. Nc3 Nf6 4. cxd5 exd5 5. g3 c6 6. Bg2 Bd6 7. Nh3 0-0 8. 0-0 Bf5 9. Kh1 Re8 10. f3 Na6 11. Nf2 Bb4 12. a3 Bxc3 13. bxc3 h6 14. g4 Bh7 15. g5 hxg5 16. Bxg5 Qd6 17. Qd2 Nc7 18. Rae1 Qe6 19. e4 dxe4 20. fxe4 Ng4 21. Nd3 Nh6 22. Nc5 Qc8 23. Bxh6 gxh6 24. Qxh6 b6 25. Rxf7 1-0